| 000 | 00407nam a22001697a 4500 | ||
|---|---|---|---|
| 003 | CEME | ||
| 005 | 20210628202502.0 | ||
| 008 | 210316b xxu||||| |||| 00| 0 eng d | ||
| 020 | _a0-19-866165-1 | ||
| 040 | _c. | ||
| 082 | _a808.882 OXF'P | ||
| 100 |
_aPartington, A _960106 |
||
| 245 | _aThe oxford dictionary of quotations | ||
| 260 |
_aNEWYORK _bOXFORD _c1992 |
||
| 300 | _a1061P | ||
| 942 |
_cBK _2ddc |
||
| 999 |
_c569923 _d569923 |
||